|
|
|
|
| LEADER |
00000nam0a2200000 4500 |
| 001 |
170487 |
| 005 |
20231031163714.0 |
| 020 |
|
|
|a RU
|b 81-52513
|
| 035 |
|
|
|a (RuTPU)RU\TPU\book\184889
|
| 090 |
|
|
|a 170487
|
| 100 |
|
|
|a 20091123d1981 m y0rusy5003 ca
|
| 101 |
0 |
|
|a rus
|
| 102 |
|
|
|a RU
|
| 105 |
|
|
|a a z 001zy
|
| 200 |
1 |
|
|a Размышления на площади Бастилии
|f В. Н. Седых
|
| 210 |
|
|
|a Москва
|c Политиздат
|d 1981
|
| 215 |
|
|
|a 303 с.
|c ил., 28 л. ил.
|d 21 см.
|
| 320 |
|
|
|a Указатель источников: с.284-302.
|
| 610 |
1 |
|
|a Франция
|
| 610 |
1 |
|
|a история
|
| 610 |
1 |
|
|a 19 век
|
| 610 |
1 |
|
|a 20 век
|
| 610 |
1 |
|
|a французы
|
| 610 |
1 |
|
|a демократия
|
| 610 |
1 |
|
|a рабочее движение
|
| 610 |
1 |
|
|a традиции
|
| 675 |
|
|
|a 9(И4)
|z rus
|v 3
|
| 686 |
|
|
|a Ф2(4Фр)
|v LBC/SL-A
|2 rubbk
|
| 700 |
|
1 |
|a Седых
|b В. Н.
|g Волеслав Николаевич
|4 070
|
| 801 |
|
0 |
|a RU
|b RuMRKP
|c 19950704
|g psbo
|
| 801 |
|
1 |
|a RU
|b 63413507
|c 20091123
|
| 801 |
|
2 |
|a RU
|b 63413507
|c 20160331
|g RCR
|
| 942 |
|
|
|c BK
|